| 000 | 00492nam a22001697a 4500 | ||
|---|---|---|---|
| 005 | 20251108164730.0 | ||
| 008 | 250721s1963 xx 000 0 ara d | ||
| 082 | 1 | 4 | _a810.9/عبد |
| 100 | 1 | _aاليافي، عبد الكريم | |
| 245 | 1 | 0 | _aدراسات فنية في الأدب العربي / |
| 264 | 1 |
_aدمشق : _bجامعة دمشق، _c1963. |
|
| 300 | _a670ص | ||
| 650 | 1 | 7 | _aالأدب العربي |
| 650 | 1 | 7 | _aالنقد الأدبي |
| 942 |
_2ddc _cBK |
||
| 999 |
_c12981 _d12981 |
||